A Wordsworth selection / (Record no. 62808)
[ view plain ]
| 000 -LEADER | |
|---|---|
| fixed length control field | 00843nam a2200265 a 4500 |
| 001 - CONTROL NUMBER | |
| control field | 62808 |
| 003 - CONTROL NUMBER IDENTIFIER | |
| rucl marc code | BD-RjUL |
| 005 - DATE AND TIME OF LATEST TRANSACTION | |
| control field | 20211209081126.0 |
| 008 - FIXED-LENGTH DATA ELEMENTS--GENERAL INFORMATION | |
| fixed length control field | 170125s1963 enkb b 000 0 eng d |
| 035 ## - SYSTEM CONTROL NUMBER | |
| System control number | (BD-RjUL)62936 |
| 040 ## - CATALOGING SOURCE | |
| Original cataloging agency | FQG |
| Transcribing agency | FQG |
| Modifying agency | BD-RjUL |
| Language of cataloging | eng |
| 041 ## - LANGUAGE CODE | |
| Language code of text/sound track or separate title | eng |
| 082 ## - DEWEY DECIMAL CLASSIFICATION NUMBER | |
| Edition number | 23 |
| Classification number | 821 |
| Author mark and year | WOW 1963 |
| 090 ## - LOCALLY ASSIGNED LC-TYPE CALL NUMBER (OCLC); LOCAL CALL NUMBER (OCLC) | |
| Classification number (OCLC) (R) ; Classification number, CALL (RLIN) (NR) | PR5853 |
| Local cutter number (OCLC) ; Book number/undivided call number, CALL (RLIN) | .P5 |
| 100 1# - MAIN ENTRY--PERSONAL NAME | |
| Personal name | Wordsworth, William, |
| Dates associated with a name | 1770-1850. |
| 9 (RLIN) | 186715 |
| 245 12 - TITLE STATEMENT | |
| Title | A Wordsworth selection / |
| Statement of responsibility, etc. | edited with an introd. and notes by F. B. Pinion. |
| 260 ## - PUBLICATION, DISTRIBUTION, ETC. (IMPRINT) | |
| Place of publication, distribution, etc. | London : |
| Name of publisher, distributor, etc. | Macmillan ; |
| Place of publication, distribution, etc. | New York : St. Martin's Press, |
| Date of publication, distribution, etc. | 1963. |
| 300 ## - PHYSICAL DESCRIPTION | |
| Pagination | xxvi, 256, [1] p. : |
| Illustrations | ill. ; |
| Size | 20 cm. |
| 490 1# - SERIES STATEMENT | |
| Series statement | English classics, new series |
| 504 ## - BIBLIOGRAPHY, ETC. NOTE | |
| Bibliography, etc | Bibliography: p. [257] |
| 650 ## - SUBJECT ADDED ENTRY--TOPICAL TERM | |
| Topical term or geographic name as entry element | English poetry |
| 9 (RLIN) | 179095 |
| 700 1# - ADDED ENTRY--PERSONAL NAME | |
| Personal name | Pinion, F. B. |
| 830 #0 - SERIES ADDED ENTRY--UNIFORM TITLE | |
| Uniform title | English classics, new series |
| 942 ## - ADDED ENTRY ELEMENTS (KOHA) | |
| Source of classification or shelving scheme | Dewey Decimal Classification |
| Koha item type | Books |
| Lost status | Source of classification or shelving scheme | Damaged status | Not for loan | Collection code | Permanent Location | Current Location | Shelving location | Date acquired | Source of acquisition | Cost, normal purchase price | Total Checkouts | Full call number | Date last seen | Copy number | Koha item type |
|---|---|---|---|---|---|---|---|---|---|---|---|---|---|---|---|
| Dewey Decimal Classification | Not For Loan | Non-fiction | Central Library, University of Rajshahi | Central Library, University of Rajshahi | Reading Room | 05/03/1965 | Zeitlinger | 10.60 | 821 WOW 1963 | 25/01/2017 | C-1 | Books |